Роль гри у навчально-виховному процесі з іноземної мови (Запис № 285422)

МАРК-запис
000 -LEADER
fixed length control field 01741nam a22001577a 4500
041 ## - LANGUAGE CODE
Language code of text/sound track or separate title ukr
080 ## - UNIVERSAL DECIMAL CLASSIFICATION NUMBER
Universal Decimal Classification number 09
090 ## - LOCALLY ASSIGNED LC-TYPE CALL NUMBER (OCLC); LOCAL CALL NUMBER (OCLC)
Local cutter number (OCLC) ; Book number/undivided call number, CALL (RLIN) КИС
100 ## - MAIN ENTRY--PERSONAL NAME
Personal name Кисіль, О. В.
245 ## - TITLE STATEMENT
Title Роль гри у навчально-виховному процесі з іноземної мови
260 ## - PUBLICATION, DISTRIBUTION, ETC. (IMPRINT)
Place of publication, distribution, etc Острог
Name of publisher, distributor, etc КАФ
Date of publication, distribution, etc 2014
300 ## - PHYSICAL DESCRIPTION
Extent 65
520 ## - SUMMARY, ETC.
Summary, etc Вступ.<br/>Розділ І. Педагогічне обгрунтування доцільності використання ігор на уроках іноземної мови.<br/>1.1. Концепція навчання іноземної мови учнів початкової школи<br/>1.2. Місце ігрової діяльності у навчальному-виховному процесі<br/>1.3. Функції гри та принципи її використання у навчанні іноземної мови<br/>Розділ ІІ. Методика використання дидактичних ігор у навчальному процесі з іноземної мови.<br/>2.1. Дидактична гра як засіб навчання учнів початкової школи<br/>2.2. Функції гри та принципи її використання у навчанні іноземної мови<br/>2.3. Класифікація дидактичних ігор<br/>2.4. Діяльність учителя й учнів у процесі дидактичної гри<br/>2.5. Умови використання гри на уроках іноземної мови<br/>Висновки.<br/>Список використаної літератури.<br/>Додатки.
-- дидактична гра, методика
650 ## - SUBJECT ADDED ENTRY--TOPICAL TERM
Topical term or geographic name as entry element Research Papers
942 ## - ADDED ENTRY ELEMENTS (KOHA)
Koha item type Книги
Фонди
Withdrawn status Lost status Source of classification or shelving scheme Damaged status Not for loan Home library Current library Date acquired Source of acquisition Cost, normal purchase price Total Checkouts Full call number Barcode Date last seen Price effective from Koha item type
    Universal Decimal Classification     ВІЛ - Відділ іноземн. літератури НБ ВІЛ - Відділ іноземн. літератури НБ 17/06/2014 Акт №8 1.00   09 215501 09/11/2021 17/06/2014 Книги